A different case? (Record no. 85055)

MARC details
000 -LEADER
fixed length control field 00844cab a22002415a 4500
001 - CONTROL NUMBER
control field L159903
008 - FIXED-LENGTH DATA ELEMENTS--GENERAL INFORMATION
fixed length control field 150113e2018 xxk 000 0 eng d
035 ## - SYSTEM CONTROL NUMBER
System control number (Sirsi) u159903
041 0# - LANGUAGE CODE
Language code of text/sound track or separate title eng
050 ## - LIBRARY OF CONGRESS CALL NUMBER
-- 18
100 1# - MAIN ENTRY--PERSONAL NAME
Personal name Cobb, Laurence
245 02 - TITLE STATEMENT
Title A different case?
Medium [electronic resource]
260 ## - PUBLICATION, DISTRIBUTION, ETC.
Place of publication, distribution, etc. London
Name of publisher, distributor, etc. RICS
Date of publication, distribution, etc. 2018
490 ## - SERIES STATEMENT
Series statement RICS Building Surveying Journal
Volume/sequential designation March - April 2018, 17(1)
520 ## - SUMMARY, ETC.
Summary, etc. Assesses the implications of the first case involving building information modelling which has been through the courts.
650 24 - SUBJECT ADDED ENTRY--TOPICAL TERM
Topical term or geographic name entry element BIM
9 (RLIN) 6219
650 24 - SUBJECT ADDED ENTRY--TOPICAL TERM
Topical term or geographic name entry element TRANT ENGINEERING V MOTT MACDONALD
651 #4 - SUBJECT ADDED ENTRY--GEOGRAPHIC NAME
Geographic name United Kingdom
Chronological subdivision
690 ## - LOCAL SUBJECT ADDED ENTRY--TOPICAL TERM (OCLC, RLIN)
Topical term or geographic name as entry element LEGAL ACTION
856 40 - ELECTRONIC LOCATION AND ACCESS
Uniform Resource Identifier <a href="https://issuu.com/ricsmodus/docs/building_surveying_journal_march_ap_aa689a2c570f4c">https://issuu.com/ricsmodus/docs/building_surveying_journal_march_ap_aa689a2c570f4c</a>
Public note
Link text Available free online via Issuu
856 40 - ELECTRONIC LOCATION AND ACCESS
Uniform Resource Identifier <a href=""></a>
Public note
942 ## - ADDED ENTRY ELEMENTS (KOHA)
Suppress in OPAC 0
Holdings
Withdrawn status Lost status Source of classification or shelving scheme Damaged status Not for loan Home library Current library Shelving location Date acquired Total Checkouts Full call number Barcode Date last seen Copy number Price effective from Koha item type
    Dewey Decimal Classification     London London Journal article 22/03/2018   L159903 159903-1001 06/08/2019 1 06/08/2019 Journal article